Therapeutic applications of Monte Carlo calculations in nuclear medicine (رقم التسجيلة. 15520)

تفاصيل مارك
000 -الفاتح
حقل البيانات ثابتة الطول 00804nam a22002297a 4500
003 - محدد رقم الضبط
رقم الضبط OSt
005 - وقت وتاريخ اخر تعامل مع التسجيلة
رقم الضبط 20150408113926.0
008 - عناصر البيانات ثابتة الطول - معلومات عامة
حقل البيانات ثابتة الطول 110929t xxu||||| |||| 00| 0 eng d
020 ## - الرقم الدولى المعيارى للكتب
الرقم الدولى المعيارى للكتاب 9780750308168
040 ## - مصدر الفهرسة
وكالة الفهرسة الأصلية MU
لغة الفهرسة ENG
وكالة النسخ MB
082 ## - رقم تصنيف ديوى العشرى
رقم الطبعة 21
رقم التصنيف 616.07575
245 ## - بيان العنوان
العنوان Therapeutic applications of Monte Carlo calculations in nuclear medicine
بيان المسئوليه,etc edited by Habib Zaidi, George Sgouros.
260 ## - PUBLICATION, DISTRIBUTION, ETC. (IMPRINT)
مكان الناشر او الموزع Bristol
اسم الناشر او الموزع Institute of Physics Pub
تاريخ النشر أو التوزيع 2003
300 ## - الوصف المادى
التعداد xx, 364 p.
أبعاد الوعاء 23 CM
440 ## - بيان السلسلة/مدخل إضافى-العنوان
العنوان Series in medical physics and biomedical engineering
9 (RLIN) 5035
504 ## - تبصرة ببليوجرافية
تبصرة ببليوجرافية,الخ Includes bibliographical references and index.
650 ## - المدخل الاضافى بالموضوع-مصطلح موضوعى
مصطلح موضوعي أو اسم جغرافي كعنصر مدخل Monte Carlo method
9 (RLIN) 5036
650 ## - المدخل الاضافى بالموضوع-مصطلح موضوعى
مصطلح موضوعي أو اسم جغرافي كعنصر مدخل Nuclear medicine
التقسيم الفرعي العام Statistical methods
9 (RLIN) 5037
700 ## - المدخل الاضافى - اسم شخصى
الإسم الشخصى Zaidi, Habib.
9 (RLIN) 5038
700 ## - المدخل الاضافى - اسم شخصى
الإسم الشخصى Sgouros, George.
9 (RLIN) 5039
942 ## - عناصر المدخل الإضافي( كوها)
مصدر التصنيف او مخطط الترفيف Dewey Decimal Classification
Koha [default] item type كتاب

لا توجد مواد متاحة.